[Event "Ballarat Begonia Open"]
[Site "BallaratTechSchool"]
[Date "2020.03.08"]
[Round "5.5"]
[White "McClymont, Brodie"]
[Black "Prasad, Lalit"]
[Result "1-0"]
[WhiteElo "2410"]
[BlackElo "1957"]
[PlyCount "50"]
[EventDate "2020.03.??"]
[EventType "swiss"]
[EventRounds "7"]
[EventCountry "AUS"]
[SourceVersionDate "2020.03.07"]

1. e4 c5 2. Nf3 e6 3. d4 cxd4 4. Nxd4 Nc6 5. Nc3 Qc7 6. Be3 a6 7. Qf3 Nf6 8.
O-O-O Nxd4 9. Bxd4 e5 10. Qg3 d6 11. Be3 Be6 12. f3 Rc8 13. Qf2 b5 14. g4 Be7
15. a3 Nd7 16. Kb1 O-O 17. g5 Rb8 18. Nd5 Bxd5 19. exd5 b4 20. a4 Nb6 21. b3
Nxa4 22. bxa4 Qa5 23. Bc4 b3 24. Bxb3 Rfc8 25. Rd3 Qxa4 1-0

[Event "Ballarat Begonia Open"]
[Site "BallaratTechSchool"]
[Date "2020.03.08"]
[Round "5.6"]
[White "Savige, Colin"]
[Black "Jager, Jesse"]
[Result "0-1"]
[WhiteElo "1849"]
[BlackElo "2169"]
[PlyCount "49"]
[EventDate "2020.03.??"]
[EventType "swiss"]
[EventRounds "7"]
[EventCountry "AUS"]
[SourceVersionDate "2020.03.07"]

1. e4 e6 2. d4 d5 3. Nc3 Nf6 4. e5 Nfd7 5. f4 c5 6. Nf3 Nc6 7. Be3 Be7 8. Qd2
O-O 9. O-O-O c4 10. Qe1 Qa5 11. Bd2 b5 12. Nxd5 Qxa2 13. Nxe7+ Nxe7 14. Bb4 Nd5
15. Bxf8 Nxf8 16. c3 b4 17. cxb4 Qa1+ 18. Kc2 Qa4+ 19. Kd2 Qxb4+ 20. Ke2 Qxb2+
21. Rd2 Qb3 22. Kf2 c3 23. Qd1 Qa3 24. Rc2 Rb8 25. Bc4 0-1

[Event "Ballarat Begonia Open"]
[Site "BallaratTechSchool"]
[Date "2020.03.08"]
[Round "5.21"]
[White "Lu, Lillian"]
[Black "Gao, Daniel Danning"]
[Result "0-1"]
[WhiteElo "1908"]
[BlackElo "1386"]
[PlyCount "48"]
[EventDate "2020.03.??"]
[EventType "swiss"]
[EventRounds "7"]
[EventCountry "AUS"]
[SourceVersionDate "2020.03.07"]

1. e4 c5 2. c3 Nf6 3. e5 Nd5 4. d4 cxd4 5. Nf3 Nc6 6. cxd4 d6 7. Bc4 Nb6 8. Bb5
a6 9. Be2 dxe5 10. dxe5 Qxd1+ 11. Kxd1 Bg4 12. b3 O-O-O+ 13. Bd2 Bxf3 14. Bxf3
Nxe5 15. Be4 g6 16. Ke2 f5 17. Rc1+ Kb8 18. Bc3 Bg7 19. Bc2 Bf6 20. Nd2 Nd5 21.
Bb2 Nf4+ 22. Ke1 Nxg2+ 23. Ke2 Nf4+ 24. Ke1 Ned3+ 0-1

[Event "Ballarat Begonia Open"]
[Site "BallaratTechSchool"]
[Date "2020.03.08"]
[Round "5.26"]
[White "Ooi, Jayden"]
[Black "Jago, Stephen"]
[Result "1-0"]
[WhiteElo "1599"]
[BlackElo "1510"]
[PlyCount "73"]
[EventDate "2020.03.??"]
[EventType "swiss"]
[EventRounds "7"]
[EventCountry "AUS"]
[SourceVersionDate "2020.03.07"]

1. e4 e6 2. Nf3 c5 3. g3 Nc6 4. Bg2 d6 5. O-O Nf6 6. Re1 e5 7. c3 h6 8. Na3 Be7
9. Nc2 Bg4 10. h3 Bxf3 11. Qxf3 Qa5 12. d3 h5 13. Be3 Rd8 14. Qe2 Qc7 15. Rad1
b5 16. f4 a5 17. Qf2 exf4 18. gxf4 h4 19. Qf3 d5 20. exd5 Nxd5 21. c4 Ndb4 22.
Bxc5 Kf8 23. Bxe7+ Nxe7 24. Nxb4 axb4 25. cxb5 Rh6 26. Re2 Rf6 27. Rde1 Nf5 28.
Qh5 Nh6 29. Qe5 Qb6+ 30. d4 Re6 31. Qc5+ Qxc5 32. dxc5 Rxe2 33. Rxe2 Rd1+ 34.
Kh2 Rc1 35. c6 b3 36. axb3 Rc5 37. b6 1-0

[Event "Ballarat Begonia Open"]
[Site "BallaratTechSchool"]
[Date "2020.03.08"]
[Round "5.27"]
[White "Oswald, Franz"]
[Black "Morris, Byron"]
[Result "0-1"]
[WhiteElo "1493"]
[BlackElo "1793"]
[PlyCount "112"]
[EventDate "2020.03.??"]
[EventType "swiss"]
[EventRounds "7"]
[EventCountry "AUS"]
[SourceVersionDate "2020.03.07"]

1. d4 d6 2. c4 e5 3. dxe5 dxe5 4. Qxd8+ Kxd8 5. Nc3 c6 6. e4 Bc5 7. Nf3 f6 8.
Na4 Bb4+ 9. Bd2 Bxd2+ 10. Nxd2 Kc7 11. Be2 Ne7 12. O-O h5 13. b4 Be6 14. c5 b5
15. cxb6+ axb6 16. Nc3 Nd7 17. a4 g6 18. Rfc1 Kb8 19. a5 b5 20. Ra3 Rc8 21. Rb1
Rc7 22. Rb2 Nc8 23. Rb1 Bf7 24. Nd1 Nf8 25. Rc3 Ne7 26. Rbc1 Rd7 27. Nb3 Bxb3
28. Rxb3 Ne6 29. Rb2 Kb7 30. Ne3 Rad8 31. Kf1 Nd4 32. Ke1 Nc8 33. h3 Nd6 34. f3
Nf7 35. Kf2 Ng5 36. Rd1 f5 37. h4 Nge6 38. Rbd2 fxe4 39. fxe4 Rf7+ 40. Bf3 Rdf8
41. Kg1 Rxf3 42. gxf3 Nxf3+ 43. Kg2 Nxd2 44. Rxd2 Nd4 45. Nc2 Nxc2 46. Rxc2 Rf4
47. a6+ Kb6 48. a7 Kxa7 49. Rxc6 Rxe4 50. Rxg6 Rxh4 51. Rg5 Rg4+ 52. Rxg4 hxg4
53. Kg3 Kb6 54. Kxg4 Kc6 55. Kf3 Kd5 56. Ke2 Kc4 0-1

[Event "Ballarat Begonia Open"]
[Site "BallaratTechSchool"]
[Date "2020.03.08"]
[Round "5.34"]
[White "Van Sebille, Sulia"]
[Black "Hessing, Rod"]
[Result "1/2-1/2"]
[WhiteElo "1635"]
[BlackElo "1427"]
[PlyCount "72"]
[EventDate "2020.03.??"]
[EventType "swiss"]
[EventRounds "7"]
[EventCountry "AUS"]
[SourceVersionDate "2020.03.07"]

1. e4 d5 2. exd5 Qxd5 3. Nc3 Qa5 4. d4 Nf6 5. Bd2 c6 6. Nf3 Bg4 7. Bc4 e6 8.
O-O Bxf3 9. Qxf3 Qc7 10. Bf4 Bd6 11. Bxd6 Qxd6 12. Rad1 O-O 13. Ne2 Nbd7 14. c3
Nb6 15. Bd3 Nbd5 16. a3 Qc7 17. Rc1 Ne7 18. Rfd1 Rad8 19. Nf4 Ng6 20. Bxg6 hxg6
21. Nd3 Rd6 22. b4 Rfd8 23. Ne5 Qe7 24. Qe3 Nd5 25. Qg3 Qf6 26. Nd3 Nb6 27. Ne5
Nd5 28. Nd3 Ne7 29. Nc5 Nf5 30. Qf3 Qe7 31. Re1 Rd5 32. Nd3 Qc7 33. Ne5 Qe7 34.
Rcd1 Qc7 35. Qe2 Qe7 36. Qf3 Qc7 1/2-1/2

[Event "Ballarat Begonia Open"]
[Site "BallaratTechSchool"]
[Date "2020.03.09"]
[Round "6.1"]
[White "Nemeth, John"]
[Black "Ly, Moulthun"]
[Result "0-1"]
[WhiteElo "2180"]
[BlackElo "2479"]
[PlyCount "100"]
[EventDate "2020.03.??"]
[EventType "swiss"]
[EventRounds "7"]
[EventCountry "AUS"]
[SourceVersionDate "2020.03.07"]

1. e4 e5 2. Nf3 Nc6 3. Bb5 a6 4. Ba4 Nf6 5. O-O Be7 6. Re1 b5 7. Bb3 O-O 8. c3
d6 9. h3 Nb8 10. d4 Nbd7 11. Nbd2 Bb7 12. Bc2 Re8 13. Nf1 Bf8 14. Ng3 g6 15. a4
c5 16. d5 c4 17. b4 cxb3 18. Bxb3 Qc7 19. Bd2 Reb8 20. axb5 axb5 21. Qb1 Ba6
22. Rc1 Nc5 23. Bd1 Qd8 24. Ne1 h5 25. f3 Be7 26. Rc2 h4 27. Ne2 Nfd7 28. Be3
Nb6 29. Rca2 Qc8 30. Nd3 Nxd3 31. Qxd3 Nc4 32. Bf2 Bd8 33. Kh2 Kg7 34. Qb1 Nb6
35. Be1 Na4 36. Nc1 Ba5 37. Qb3 Bxc3 38. Bxc3 Nxc3 39. Rxa6 Rxa6 40. Rxa6 Qxa6
41. Qxc3 b4 42. Qe3 Rc8 43. Ne2 Qa2 44. f4 Qb1 45. Bb3 Rc3 46. Qb6 Rxb3 47.
Qxd6 Qxe4 48. fxe5 Re3 49. Qf6+ Kg8 50. Qd8+ Kh7 0-1

[Event "Ballarat Begonia Open"]
[Site "BallaratTechSchool"]
[Date "2020.03.09"]
[Round "6.2"]
[White "Chapman, Mark"]
[Black "Puccini, Jack"]
[Result "1-0"]
[WhiteElo "2376"]
[BlackElo "2287"]
[PlyCount "115"]
[EventDate "2020.03.??"]
[EventType "swiss"]
[EventRounds "7"]
[EventCountry "AUS"]
[SourceVersionDate "2020.03.07"]

1. e4 d5 2. exd5 Qxd5 3. Nf3 Bg4 4. Be2 Nc6 5. d4 O-O-O 6. c4 Qf5 7. Be3 Bxf3
8. Bxf3 Nxd4 9. Bxd4 Qe6+ 10. Be2 Qe4 11. Qa4 Qxg2 12. Rf1 Rxd4 13. Qxa7 e5 14.
Nd2 Qg5 15. O-O-O Nf6 16. Qa8+ Kd7 17. Qxb7 Qf4 18. Kb1 Bd6 19. Nb3 Qe4+ 20.
Qxe4 Rxe4 21. Nc5+ Ke7 22. Nxe4 Nxe4 23. Bf3 Ng5 24. Bd5 f5 25. f3 Rb8 26. Kc2
Nh3 27. a3 c5 28. Rd3 Nf4 29. Rb3 Rxb3 30. Kxb3 g5 31. Ka4 Nd3 32. Rb1 h5 33.
b4 g4 34. b5 gxf3 35. Bxf3 e4 36. Bxh5 Nf4 37. Bd1 Nd3 38. Be2 Nf2 39. Rf1 e3
40. Kb3 Bxh2 41. b6 Ke6 42. a4 Ne4 43. Rh1 Be5 44. a5 Ng3 45. Rh6+ Kd7 46. Bf3
Nf1 47. Rh7+ Kd6 48. Kc2 Nd2 49. Be2 f4 50. Rh3 Kc6 51. Kd3 Bd6 52. Bf3+ Nxf3
53. Rxf3 Kb7 54. Rh3 Ka6 55. Rh6 Be5 56. Rh5 Bd4 57. Rf5 f3 58. Rxf3 1-0

[Event "Ballarat Begonia Open"]
[Site "BallaratTechSchool"]
[Date "2020.03.09"]
[Round "6.3"]
[White "Zhao, Zong Yuan"]
[Black "Lam, Ross"]
[Result "1-0"]
[WhiteElo "2524"]
[BlackElo "2054"]
[PlyCount "115"]
[EventDate "2020.03.??"]
[EventType "swiss"]
[EventRounds "7"]
[EventCountry "AUS"]
[SourceVersionDate "2020.03.07"]

1. c4 e5 2. Nc3 Nf6 3. Nf3 Nc6 4. g3 Bb4 5. Bg2 O-O 6. O-O d6 7. d3 Re8 8. Nd5
Nxd5 9. cxd5 Ne7 10. a3 Bc5 11. b4 Bb6 12. Nd2 c6 13. dxc6 bxc6 14. Nc4 Bc7 15.
Bd2 Be6 16. Qc2 Qd7 17. Rfc1 Rec8 18. Qa4 Nd5 19. Rc2 Bd8 20. Qa6 Rab8 21. Rac1
Rc7 22. e4 Ne7 23. Be3 Rbc8 24. d4 exd4 25. Bxd4 c5 26. bxc5 dxc5 27. Be3 Nc6
28. e5 Nd4 29. Rb2 Bd5 30. Qd6 Bxg2 31. Qxd7 Rxd7 32. Kxg2 Be7 33. Rcb1 f6 34.
Rb7 Rcd8 35. Bd2 Nc6 36. e6 Rxb7 37. Rxb7 Rc8 38. Na5 Nxa5 39. Bxa5 Kf8 40.
Rxa7 c4 41. Bc3 f5 42. Kf3 Bf6 43. Bxf6 gxf6 44. Rxh7 Rc6 45. e7+ Ke8 46. Ke2
f4 47. Kd2 Ra6 48. Kc3 Rxa3+ 49. Kxc4 Rf3 50. Kd5 Rxf2 51. Ke6 Re2+ 52. Kxf6 f3
53. Rh8+ Kd7 54. Rd8+ Kc7 55. Rd1 f2 56. Rf1 Kd7 57. Kg5 Kxe7 58. Kg4 1-0

[Event "Ballarat Begonia Open"]
[Site "BallaratTechSchool"]
[Date "2020.03.09"]
[Round "6.4"]
[White "Milojevic, Miodrag"]
[Black "McClymont, Brodie"]
[Result "0-1"]
[WhiteElo "1942"]
[BlackElo "2410"]
[PlyCount "60"]
[EventDate "2020.03.??"]
[EventType "swiss"]
[EventRounds "7"]
[EventCountry "AUS"]
[SourceVersionDate "2020.03.07"]

1. e4 c5 2. Nf3 d6 3. d4 cxd4 4. Qxd4 Nc6 5. Bb5 Bd7 6. Bxc6 Bxc6 7. Nc3 e5 8.
Qd3 h6 9. Be3 Nf6 10. h3 Be7 11. g4 b5 12. g5 hxg5 13. Bxg5 b4 14. Nd5 Nxd5 15.
exd5 Bd7 16. Bxe7 Qxe7 17. O-O-O Rc8 18. Nd2 Rh4 19. Kb1 Rd4 20. Qh7 Qh4 21.
Qxg7 Bf5 22. Ka1 Rxc2 23. Qg8+ Ke7 24. Nf3 Rxd1+ 25. Rxd1 Qf4 26. Qg5+ Qxg5 27.
Nxg5 Rxf2 28. Rh1 f6 29. Ne6 Bxe6 30. dxe6 e4 0-1

[Event "Ballarat Begonia Open"]
[Site "BallaratTechSchool"]
[Date "2020.03.09"]
[Round "6.5"]
[White "Johansen, Darryl K"]
[Black "Litchfield, Frederick"]
[Result "1/2-1/2"]
[WhiteElo "2392"]
[BlackElo "2064"]
[PlyCount "115"]
[EventDate "2020.03.??"]
[EventType "swiss"]
[EventRounds "7"]
[EventCountry "AUS"]
[SourceVersionDate "2020.03.07"]

1. Nf3 Nf6 2. c4 e6 3. g3 d5 4. b3 c5 5. Bg2 Nc6 6. O-O d4 7. d3 Bd6 8. e3 e5
9. exd4 exd4 10. Re1+ Kf8 11. Bg5 h6 12. Bxf6 Qxf6 13. Nfd2 Bd7 14. Ne4 Qg6 15.
Nxd6 Qxd6 16. Nd2 b6 17. a3 Rb8 18. f4 Kg8 19. Qf3 Kh7 20. Qd5 Qxd5 21. cxd5
Na5 22. Re7 Rbd8 23. Be4+ Kg8 24. Re1 Nb7 25. b4 Kf8 26. Bf3 g6 27. bxc5 Nxc5
28. d6 Kg7 29. Bd5 Rhf8 30. Ne4 Rde8 31. Nxc5 bxc5 32. Bc4 g5 33. Kf2 Rd8 34.
R1e5 gxf4 35. gxf4 Bc6 36. Rxc5 Rxd6 37. Rf5 Bd7 38. Rd5 Rxd5 39. Bxd5 Bb5 40.
Rxa7 Bxd3 41. Ra4 Rc8 42. Rxd4 Rc2+ 43. Ke3 Bf1 44. a4 Rxh2 45. Rb4 Bg2 46.
Bxg2 Rxg2 47. a5 Ra2 48. Rb5 Ra4 49. Kf3 Kg6 50. Kg4 Ra1 51. Rb6+ Kg7 52. a6
Ra5 53. Rc6 Kh7 54. Kf3 Ra4 55. Ke3 Kg7 56. Rb6 Kh7 57. f5 Kg7 58. Kf3 1/2-1/2

[Event "Ballarat Begonia Open"]
[Site "BallaratTechSchool"]
[Date "2020.03.09"]
[Round "6.6"]
[White "Do, Aaron"]
[Black "Solomon, Stephen"]
[Result "0-1"]
[WhiteElo "1649"]
[BlackElo "2308"]
[PlyCount "74"]
[EventDate "2020.03.??"]
[EventType "swiss"]
[EventRounds "7"]
[EventCountry "AUS"]
[SourceVersionDate "2020.03.07"]

1. d4 Nf6 2. c4 c5 3. d5 e5 4. Nc3 d6 5. e4 Be7 6. g3 Nbd7 7. Bg2 Nf8 8. Nge2
Ng6 9. O-O O-O 10. Qc2 a6 11. a4 b6 12. b3 Rb8 13. Rb1 Bd7 14. b4 cxb4 15. Rxb4
Qc7 16. Be3 Ng4 17. Nd1 Rfc8 18. h3 Nxe3 19. Nxe3 Bg5 20. f4 Qc5 21. Qd2 exf4
22. gxf4 Bf6 23. Kh1 a5 24. Rbb1 Bxa4 25. Ng4 Bh4 26. f5 Ne5 27. Qf4 Nxg4 28.
Qxg4 Bf6 29. Nf4 Qd4 30. Rg1 Rxc4 31. Bf3 Kh8 32. Qh5 Qe5 33. Rg4 Bc2 34. Rbg1
Bxe4 35. Bxe4 Rxe4 36. Qxf7 Rxf4 37. Rxf4 Qxf4 0-1

[Event "Ballarat Begonia Open"]
[Site "BallaratTechSchool"]
[Date "2020.03.09"]
[Round "6.18"]
[White "Archer, Saffron"]
[Black "Beaumont, David"]
[Result "0-1"]
[WhiteElo "1683"]
[BlackElo "1951"]
[PlyCount "50"]
[EventDate "2020.03.??"]
[EventType "swiss"]
[EventRounds "7"]
[EventCountry "AUS"]
[SourceVersionDate "2020.03.07"]

1. e4 c5 2. Nf3 d6 3. d4 cxd4 4. Nxd4 Nf6 5. Nc3 g6 6. Be3 Bg7 7. f3 O-O 8. Qd2
Nc6 9. O-O-O Nxd4 10. Bxd4 Be6 11. g4 Qc7 12. h4 Rfc8 13. Kb1 Qa5 14. a3 Rab8
15. Be2 b5 16. g5 b4 17. Na2 Bxa2+ 18. Kxa2 Nd7 19. Bxg7 Kxg7 20. f4 Rxc2 21.
Qd4+ Kg8 22. Rh3 Rxe2 23. Rb1 b3+ 24. Rxb3 Rxb3 25. Kxb3 Qb6+ 0-1

[Event "Ballarat Begonia Open"]
[Site "BallaratTechSchool"]
[Date "2020.03.09"]
[Round "6.26"]
[White "Thadani, Aman Deepak"]
[Black "Ooi, Jayden"]
[Result "0-1"]
[WhiteElo "1619"]
[BlackElo "1599"]
[PlyCount "64"]
[EventDate "2020.03.??"]
[EventType "swiss"]
[EventRounds "7"]
[EventCountry "AUS"]
[SourceVersionDate "2020.03.07"]

1. d4 Nf6 2. c4 g6 3. Nc3 Bg7 4. e4 d6 5. Nf3 O-O 6. Be2 e5 7. Be3 Ng4 8. Bg5
f6 9. Bh4 g5 10. Bg3 Nh6 11. dxe5 dxe5 12. Qb3 c6 13. O-O Qe7 14. c5+ Be6 15.
Bc4 Bf7 16. Na4 Na6 17. Bxf7+ Nxf7 18. Qc4 Rfd8 19. Rfd1 Nc7 20. b4 Bf8 21.
Rac1 Qe6 22. Nb2 h5 23. h4 g4 24. Nh2 Bh6 25. Rb1 Qxc4 26. Nxc4 Nb5 27. Rxd8+
Rxd8 28. f3 Nc3 29. Rb2 Rd4 30. Na5 Be3+ 31. Bf2 Bxf2+ 32. Rxf2 g3 0-1

[Event "Ballarat Begonia Open"]
[Site "BallaratTechSchool"]
[Date "2020.03.09"]
[Round "6.27"]
[White "Morris, Byron"]
[Black "Gao, Arthur"]
[Result "1-0"]
[WhiteElo "1793"]
[BlackElo "1384"]
[PlyCount "50"]
[EventDate "2020.03.??"]
[EventType "swiss"]
[EventRounds "7"]
[EventCountry "AUS"]
[SourceVersionDate "2020.03.07"]

1. e4 c5 2. Nc3 e6 3. Nge2 d5 4. exd5 exd5 5. d4 Nf6 6. Bg5 cxd4 7. Nxd4 Be7 8.
Bb5+ Bd7 9. Qe2 O-O 10. O-O-O Re8 11. Bxd7 Nbxd7 12. Qd2 Rc8 13. a3 Nb6 14. Nf5
Nc4 15. Nxe7+ Qxe7 16. Bxf6 Qxf6 17. Qd4 Qh6+ 18. Kb1 Qc6 19. Rd3 Rcd8 20. Rhd1
h6 21. Rg3 f6 22. Nxd5 Kh8 23. Qg4 Rd7 24. Nb4 Rxd1+ 25. Qxd1 a5 1-0

[Event "Ballarat Begonia Open"]
[Site "BallaratTechSchool"]
[Date "2020.03.09"]
[Round "6.31"]
[White "Chen, Paula"]
[Black "Lu, Lillian"]
[Result "1/2-1/2"]
[WhiteElo "1513"]
[BlackElo "1908"]
[PlyCount "96"]
[EventDate "2020.03.??"]
[EventType "swiss"]
[EventRounds "7"]
[EventCountry "AUS"]
[SourceVersionDate "2020.03.07"]

1. d4 d5 2. Nf3 Nf6 3. c4 c6 4. e3 a6 5. b3 Bg4 6. Be2 Nbd7 7. Nc3 b5 8. O-O e6
9. Bd2 Rc8 10. c5 a5 11. a3 Bxf3 12. Bxf3 e5 13. Qc2 Be7 14. Rac1 Qc7 15. Rfe1
e4 16. Be2 h5 17. f3 exf3 18. Bxf3 Ng4 19. Bxg4 hxg4 20. g3 Nf6 21. e4 b4 22.
exd5 bxc3 23. Bf4 Qd7 24. d6 Nd5 25. Re2 O-O 26. dxe7 Nxe7 27. Bd6 Nf5 28. Bxf8
Nxd4 29. Rd1 Kxf8 30. Re4 Nxc2 31. Rxd7 Nxa3 32. Rd3 c2 33. Re1 Re8 34. Rxe8+
Kxe8 35. Rc3 Kd7 36. Kf2 Ke6 37. Ke3 Kd5 38. Kd3 g5 39. Ke3 f5 40. Rd3+ Ke5 41.
Kd2 f4 42. gxf4+ gxf4 43. Rd8 g3 44. hxg3 fxg3 45. Rg8 Kf4 46. Rf8+ Ke4 47. Rg8
Kf3 48. Rf8+ Ke4 1/2-1/2

[Event "Ballarat Begonia Open"]
[Site "BallaratTechSchool"]
[Date "2020.03.09"]
[Round "6.34"]
[White "Van Sebille, Sulia"]
[Black "Guo, James Lequan"]
[Result "1/2-1/2"]
[WhiteElo "1635"]
[BlackElo "1403"]
[PlyCount "80"]
[EventDate "2020.03.??"]
[EventType "swiss"]
[EventRounds "7"]
[EventCountry "AUS"]
[SourceVersionDate "2020.03.07"]

1. e4 c5 2. c3 Nf6 3. e5 Nd5 4. d4 cxd4 5. Nf3 Nc6 6. cxd4 d6 7. Bc4 Nb6 8. Bb5
dxe5 9. Nxe5 Bd7 10. Nxc6 Bxc6 11. Bxc6+ bxc6 12. Nc3 g6 13. O-O Bg7 14. Be3
O-O 15. Rc1 Qd7 16. Qf3 Nd5 17. Rfd1 Rac8 18. Bf4 Qf5 19. Nxd5 Qxd5 20. Qa3
Rfe8 21. Rc5 Qd7 22. Qd3 Rcd8 23. Be3 e6 24. b3 Bf8 25. Rc2 e5 26. Bg5 Be7 27.
Bxe7 Rxe7 28. Qc4 exd4 29. Qxc6 Qxc6 30. Rxc6 d3 31. Kf1 Re2 32. Rxd3 Rde8 33.
Rc1 Rxa2 34. Re1 Rc8 35. Rde3 Rb2 36. Ra1 Rcc2 37. Rf3 Rc7 38. g3 Rb7 39. Re3
Kg7 40. Kg2 R2xb3 1/2-1/2

[Event "Ballarat Begonia Open"]
[Site "BallaratTechSchool"]
[Date "2020.03.09"]
[Round "6.35"]
[White "Stewart, Craig"]
[Black "O'Carroll, Om"]
[Result "1-0"]
[WhiteElo "1635"]
[BlackElo "1236"]
[PlyCount "30"]
[EventDate "2020.03.??"]
[EventType "swiss"]
[EventRounds "7"]
[EventCountry "AUS"]
[SourceVersionDate "2020.03.07"]

1. g4 d5 2. Bg2 Bxg4 3. c4 c6 4. cxd5 cxd5 5. Qb3 Nf6 6. Nc3 e6 7. Qxb7 Nbd7 8.
Nb5 Rc8 9. Qxa7 Bc5 10. Qa4 O-O 11. Nf3 e5 12. O-O Qb6 13. d3 Qe6 14. Be3 Bxe3
15. fxe3 Qb6 1-0

[Event "Ballarat Begonia Open"]
[Site "BallaratTechSchool"]
[Date "2020.03.09"]
[Round "7.1"]
[White "Ly, Moulthun"]
[Black "Chapman, Mark"]
[Result "1/2-1/2"]
[WhiteElo "2479"]
[BlackElo "2376"]
[PlyCount "41"]
[EventDate "2020.03.??"]
[EventType "swiss"]
[EventRounds "7"]
[EventCountry "AUS"]
[SourceVersionDate "2020.03.07"]

1. d4 d5 2. c4 e6 3. Nf3 c6 4. g3 dxc4 5. Bg2 b5 6. O-O Bb7 7. a4 a6 8. b3 cxb3
9. Qxb3 Nd7 10. Nc3 Ngf6 11. Ne5 b4 12. a5 Qc8 13. Na4 c5 14. Bxb7 Qxb7 15.
Nxd7 Nxd7 16. Be3 cxd4 17. Bxd4 e5 18. Bb2 Be7 19. Rfd1 Rd8 20. Rd5 O-O 21.
Rad1 1/2-1/2

[Event "Ballarat Begonia Open"]
[Site "BallaratTechSchool"]
[Date "2020.03.09"]
[Round "7.2"]
[White "McClymont, Brodie"]
[Black "Zhao, Zong Yuan"]
[Result "0-1"]
[WhiteElo "2410"]
[BlackElo "2524"]
[PlyCount "102"]
[EventDate "2020.03.??"]
[EventType "swiss"]
[EventRounds "7"]
[EventCountry "AUS"]
[SourceVersionDate "2020.03.07"]

1. e4 c5 2. Nf3 Nc6 3. d4 cxd4 4. Nxd4 Nf6 5. Nc3 d6 6. Bg5 e6 7. Qd2 a6 8.
O-O-O Bd7 9. f4 Be7 10. Nf3 b5 11. Bxf6 gxf6 12. Kb1 Qb6 13. f5 O-O-O 14. g3
Kb8 15. fxe6 fxe6 16. Bh3 Na5 17. Nd4 b4 18. Nce2 e5 19. Bxd7 Rxd7 20. Nf5 Nc4
21. Qd3 Rc8 22. Ka1 a5 23. b3 Na3 24. c4 a4 25. Kb2 Ra7 26. Nxe7 Rxe7 27. Rhf1
Rf7 28. Kc1 Nb5 29. Kd2 Nc7 30. Ke1 Rd8 31. bxa4 Na6 32. Rb1 Nc5 33. Qe3 Rb7
34. Nc1 Qa6 35. Nb3 Qxc4 36. Rxf6 Qxe4 37. Qxe4 Nxe4 38. Rh6 Nc3 39. Ra1 Nxa4
40. Na5 Rb6 41. Rb1 Rc8 42. Rxh7 Rc5 43. Nb3 Rc2 44. Rh8+ Ka7 45. Ra1 Rb2 46.
Nd2 d5 47. Rd8 Nc3 48. h4 Rg6 49. Rc8 Rxg3 50. a3 Rg1+ 51. Nf1 Re2# 0-1

[Event "Ballarat Begonia Open"]
[Site "BallaratTechSchool"]
[Date "2020.03.09"]
[Round "7.3"]
[White "Solomon, Stephen"]
[Black "Jager, Jesse"]
[Result "0-1"]
[WhiteElo "2308"]
[BlackElo "2169"]
[PlyCount "92"]
[EventDate "2020.03.??"]
[EventType "swiss"]
[EventRounds "7"]
[EventCountry "AUS"]
[SourceVersionDate "2020.03.07"]

1. e4 c5 2. Nf3 d6 3. d4 cxd4 4. Nxd4 Nf6 5. Nc3 a6 6. Bg5 e6 7. f4 Be7 8. Qf3
h6 9. Bh4 Qc7 10. O-O-O Nbd7 11. Bd3 g5 12. fxg5 Ne5 13. Qe2 Nfg4 14. Nf3 hxg5
15. Bg3 Nxf3 16. gxf3 Ne5 17. f4 gxf4 18. Bxf4 Bd7 19. h4 O-O-O 20. h5 Rdg8 21.
Bxa6 bxa6 22. Qxa6+ Kb8 23. Nb5 Bxb5 24. Qxb5+ Qb7 25. Qa4 Rc8 26. Rd4 Rc6 27.
Rh3 Ra6 28. Qb3 Rb6 29. Qg3 f6 30. b3 Rc8 31. Qe1 Rbc6 32. Rb4 Rb6 33. Rxb6
Qxb6 34. Qe3 Qa6 35. a4 d5 36. exd5 Qf1+ 37. Kb2 Qg2 38. Bxe5+ fxe5 39. Qxe5+
Kb7 40. Rc3 Rxc3 41. Kxc3 Qf3+ 42. Kd2 Qf2+ 43. Qe2 Bb4+ 44. Kd3 Qf5+ 45. Kc4
Qf4+ 46. Kb5 Qd4 0-1

[Event "Ballarat Begonia Open"]
[Site "BallaratTechSchool"]
[Date "2020.03.09"]
[Round "7.4"]
[White "Lo, Willis"]
[Black "Fernandez, Daniel Howard"]
[Result "1/2-1/2"]
[WhiteElo "2106"]
[BlackElo "2477"]
[PlyCount "107"]
[EventDate "2020.03.??"]
[EventType "swiss"]
[EventRounds "7"]
[EventCountry "AUS"]
[SourceVersionDate "2020.03.07"]

1. c4 g6 2. e4 e5 3. Nf3 d6 4. d4 Bg7 5. dxe5 dxe5 6. Qxd8+ Kxd8 7. Nc3 f6 8.
Be3 c6 9. O-O-O+ Nd7 10. c5 Bh6 11. Bc4 Ke7 12. b4 a5 13. a3 axb4 14. axb4 b6
15. b5 Bxe3+ 16. fxe3 cxb5 17. Nd5+ Kf8 18. Bxb5 Nxc5 19. Nxb6 Ra1+ 20. Kb2 Ra5
21. Bc4 Bb7 22. Rd8+ Kg7 23. Nd7 Nxe4 24. Rd1 Bc6 25. Nb8 Ba4 26. Ra1 Ne7 27.
Rxh8 Kxh8 28. Nd7 Nf5 29. Bb3 Bxb3 30. Rxa5 Be6 31. Nxf6 Nxf6 32. Ra6 Bd5 33.
Rxf6 Kg7 34. Ra6 Bxf3 35. gxf3 Nxe3 36. Kc3 Nd5+ 37. Kd2 Nf6 38. Re6 e4 39.
fxe4 Kf7 40. Re5 Ng4 41. Ra5 Nxh2 42. Ra7+ Kf6 43. Rxh7 Ng4 44. Kd3 Ne5+ 45.
Kd4 g5 46. Rh6+ Ng6 47. Kd5 g4 48. Kd6 Kg5 49. Rh1 g3 50. e5 Kg4 51. e6 g2 52.
Rg1 Kg3 53. Kd7 Nf8+ 54. Ke7 1/2-1/2

[Event "Ballarat Begonia Open"]
[Site "BallaratTechSchool"]
[Date "2020.03.09"]
[Round "7.5"]
[White "Skiotis, Pano"]
[Black "Morris, James"]
[Result "0-1"]
[WhiteElo "2073"]
[BlackElo "2475"]
[PlyCount "66"]
[EventDate "2020.03.??"]
[EventType "swiss"]
[EventRounds "7"]
[EventCountry "AUS"]
[SourceVersionDate "2020.03.07"]

1. d4 Nf6 2. c4 g6 3. h4 c5 4. d5 b5 5. cxb5 a6 6. b6 Bg7 7. Nc3 Qxb6 8. e4 d6
9. h5 Nxh5 10. g4 Qb4 11. Bg2 Nf6 12. f3 a5 13. a3 Qb6 14. Nge2 Ba6 15. Ng3
Nfd7 16. Na4 Qc7 17. f4 Nb6 18. e5 Ra7 19. e6 fxe6 20. dxe6 Nc6 21. f5 Nd4 22.
Bf4 Nxa4 23. Qxa4+ Bb5 24. Qd1 Bc6 25. O-O Bxg2 26. Kxg2 Qc6+ 27. Kg1 Rb7 28.
b4 axb4 29. axb4 Rxb4 30. Ra7 Rb3 31. Rf2 Bf6 32. Rfa2 O-O 33. Ne2 Qf3 0-1

[Event "Ballarat Begonia Open"]
[Site "BallaratTechSchool"]
[Date "2020.03.09"]
[Round "7.6"]
[White "Sheldrick, Kevin"]
[Black "Johansen, Darryl K"]
[Result "0-1"]
[WhiteElo "2037"]
[BlackElo "2392"]
[PlyCount "136"]
[EventDate "2020.03.??"]
[EventType "swiss"]
[EventRounds "7"]
[EventCountry "AUS"]
[SourceVersionDate "2020.03.07"]

1. e4 c5 2. Nc3 Nc6 3. g3 g6 4. Bg2 Bg7 5. d3 d6 6. f4 Nf6 7. Nf3 O-O 8. O-O
Rb8 9. h3 b5 10. a3 Nd7 11. Be3 a5 12. Qd2 b4 13. axb4 axb4 14. Nd1 Bb7 15. g4
Ra8 16. Rb1 Ra2 17. f5 Nde5 18. Bh6 Nxf3+ 19. Rxf3 d5 20. fxg6 hxg6 21. Bxg7
Kxg7 22. exd5 Nd4 23. Rf2 Bxd5 24. Bxd5 Qxd5 25. Qf4 Qd6 26. Qxd6 exd6 27. c3
Ne6 28. cxb4 cxb4 29. Ne3 Nc5 30. Rd1 Na4 31. Nd5 Rb8 32. Rdd2 Nc5 33. Nf6 Ne6
34. Ne4 d5 35. Nd6 Ra7 36. Rc2 Rd7 37. Rc6 Nd4 38. Rc8 Rxc8 39. Nxc8 b3 40. Nb6
Rd8 41. Kf1 Ne6 42. Na4 Rh8 43. Kg2 d4 44. Nb6 g5 45. Rf5 Nf4+ 46. Kf1 Ne6 47.
Kg2 Nf4+ 48. Kf1 f6 49. Nd5 Nxd5 50. Rxd5 Rxh3 51. Rxd4 Rh2 52. Rb4 Rxb2 53.
Ke1 Rg2 54. Kf1 Rg3 55. Ke2 b2 56. Kf2 Rxg4 57. Rxb2 Kg6 58. Ke3 Rg3+ 59. Kd4
f5 60. Rb6+ Kh5 61. Rf6 f4 62. Rf8 Kg4 63. Kc4 Rg1 64. d4 f3 65. d5 Kg3 66. d6
f2 67. d7 Rd1 68. d8=Q Rxd8 0-1